| 000 | 00435nam a22001817a 4500 | ||
|---|---|---|---|
| 003 | MPLRDC | ||
| 005 | 20220104144422.0 | ||
| 008 | 210129b ||||| |||| 00| 0 eng d | ||
| 082 | _a541.56 JZK | ||
| 100 | _a姜占魁著 | ||
| 245 |
_a人群关系 _c |
||
| 250 | _a四版 | ||
| 260 |
_a _b正中书局 _c1980 |
||
| 300 | _b平 | ||
| 490 | _a正中工商管理丛书 | ||
| 650 | _a社会整合及分化 | ||
| 942 |
_cBK _o541.56 JZK |
||
| 999 |
_c49423 _d49413 |
||